Detalles MARC
| 000 -LÍDER |
| Campo fijo de descripción fija |
01170nrm a22003137a 4500 |
| 003 - IDENTIFICADOR DEL NÚMERO DE CONTROL |
| Campo de control |
BCEG |
| 005 - FECHA Y HORA DE LA ULTIMA TRANSACCIÓN |
| control field |
20260410122821.0 |
| 008 - ELEMENTOS DE LONGITUD FIJA -- INFORMACIÓN GENERAL |
| Campo fijo de descripción fija -- Información general |
260410s2007 spaa||||||||||||||||spa d |
| 020 ## - ISBN |
| Isbn |
9788496635302 |
| 040 ## - FUENTE DE CATALOGACIÓN |
| Agencia de catalogación original |
BCEG |
| Idioma de catalogación |
spa |
| Agencia que realiza la transcripción |
BCEG |
| 082 04 - CLASIFICACIÓN LOCAL |
| Clasificación local |
I910.92 |
| Clave de autor - cutter |
L697g |
| 245 03 - TÍTULO PROPIAMENTE DICHO |
| Título |
El libro de los grandes descubridores |
| Otra información sobre el título - Subtitulo |
: juegos desplegables |
| Designación General del Material |
[Realia]. |
| 246 ## - FORMA VARIANTE DEL TITULO |
| Título propiamente dicho/forma breve del título |
La historia de los descubridores. |
| 260 ## - PUBLICACIÓN, DISTRIBUCIÓN, ETC. (PIE DE IMPRENTA) |
| Lugar de publicación, distribución, etc. |
Madrid : |
| Nombre del editor, distribuidor, etc. |
Artime, |
| Fecha de publicación, distribución, etc. |
2007. |
| 300 ## - DESCRIPCIÓN FÍSICA |
| Extensión |
[10] p. : |
| Otros detalles físicos |
il. |
| 500 ## - NOTA GENERAL |
| Nota General |
Incluye mecanismos movibles en páginas de cartón y en plástico. |
| 500 ## - NOTA GENERAL |
| Nota General |
Libro desplegable, tridimensional (pop-up). |
| 501 ## - NOTA DE “CON” |
| Nota de Contenido |
Con 4 juegos desplegables, ruleta, figuras y una cartera de cartón para guardar las figuras. |
| 535 ## - Nota de ubicación de originales |
| Custodio |
Disponible en el Módulo de Realia de la Sala Infantil. |
| 541 ## - NOTA DE FUENTE INMEDIATA DE ADQUISICIÓN |
| Nota de fuente de adquisición |
Compra. |
| 600 ## - ENCABEZAMIENTO DE MATERIA. AUTOR PERSONAL |
| Nombre personal |
Alejandro, Magno, |
| Fechas asociadas con el nombre |
356-323 a. C. |
| 600 ## - ENCABEZAMIENTO DE MATERIA. AUTOR PERSONAL |
| Nombre personal |
Colón, Cristóbal, |
| Fechas asociadas con el nombre |
1451-1506. |
| 600 ## - ENCABEZAMIENTO DE MATERIA. AUTOR PERSONAL |
| Nombre personal |
Polo, Marco, |
| Fechas asociadas con el nombre |
1254-1323?. |
| 600 ## - ENCABEZAMIENTO DE MATERIA. AUTOR PERSONAL |
| Nombre personal |
Cook, James, |
| Fechas asociadas con el nombre |
1728-1779. |
| 650 14 - ASIENTO SECUNDARIO DE MATERIA - TERMINO TEMÁTICO |
| Término temático o nombre geográfico como elemento de entrada |
Exploradores |
| Subdivisión de forma |
Libros tridimensionales. |
| 650 14 - ASIENTO SECUNDARIO DE MATERIA - TERMINO TEMÁTICO |
| Término temático o nombre geográfico como elemento de entrada |
Descubrimientos geográficos |
| Subdivisión de forma |
Libros tridimensionales. |
| 700 1# - ASIENTO SECUNDARIO - NOMBRE PERSONAL |
| Nombre personal |
Gray, Virginia, |
| Función o responsabilidad del autor |
il. |
| 942 ## - TIPO DE MATERIAL (KOHA) |
| Tipo de Item KOHA |
Libro |